| 000 | 01093cam a22002771ia4500 | ||
|---|---|---|---|
| 003 | SA-RiAUC | ||
| 005 | 20250506045942.0 | ||
| 008 | 250423s2015____ua g f00010 ara c | ||
| 040 |
_aSA-RiKAPL _bara _cSA-RiAUC _erda |
||
| 082 | 0 | 4 |
_a210.2 _qSA-RiAUC |
| 090 |
_a210.2 _bط ي ر |
||
| 100 | 1 |
_aالطير، مصطفى محمد الحديدي، _d1901-1988 _eمؤلف. |
|
| 245 | 1 | 0 |
_aعطاء الرحمن من شريعة القرآن / _cتأليف مصطفى محمد الحديدي الطير. |
| 264 | 1 |
_aالقاهرة : _bالأزهر الشريف، _c[2015] |
|
| 300 |
_a2 مجلد ؛ _c24 سم |
||
| 336 |
_aنص _btxt _2rdacontent _3كتاب |
||
| 337 |
_aبدون وسيط _bn _2rdamedia |
||
| 338 |
_aمجلد _bnc _2rdacarrier |
||
| 630 | 2 | 7 |
_aالقرآن _xمباحث عامة _2aucut |
| 650 | 7 |
_aالإسلام _vمتفرقات _2aucsh |
|
| 650 | 7 |
_aالحاكمية (شريعة إسلامية) في القرآن _2aucsh |
|
| 650 | 7 |
_aالشريعة الإسلامية _2aucsh |
|
| 730 | 2 | 2 | _aالقرآن |
| 942 |
_2ddc _cBOOK _n0 |
||
| 949 |
_aSA-JeALM _d250423 _umohamedma123 _n1 |
||
| 999 |
_c7621 _d7621 |
||